000 00607nam a22002177a 4500
005 20170124110214.0
010 _aA-710347
020 _c125.00
_a8185326169
035 _aA-710347
037 _bCen Lib/Ret
040 _aDPL
_bEN
082 _a394.2682923
_bMUK
100 _aMukerji, A. C.
_938799
245 _aHindu fasts and feasts /
_cby A.C.Mukherji
260 _aGurgaon
_bVintage Books
_c1918
270 _a557, Sector-14
_bHaryana
_e122001
300 _aiii,221p.
_c21cm(Hb)
650 _aHinduismus
_938800
650 _aFest
_938801
942 _2ddc
_cEN
_h394.2682923
_mMUK
999 _c133745
_d133745